000 00766nam a2200253Ia 4500
003 OSt
005 20220927104321.0
006 a|||||r|||| 00| 0
007 ta
008 220926b |||||||| |||| 00| 0 eng d
024 _a96694
037 _cReference Collections
040 _aRTL
_cRTL
_beng
041 _2eng
_aeng
082 _a"Y2.46aP, P2/UN"
110 _a"UNITED NATION, ECONOMIC AND SOCIAL COMMISSION FOR WESTERN ASIA."
245 0 _aAnnotated bibliography on the Arab family
260 _aNY
_bUN
_c2002
300 _a136p
_ccm.
650 _aFamily Sociology
700 _a"UNITED NATION, ECONOMIC AND SOCIAL COMMISSION FOR WESTERN ASIA."
942 _h"Y2.46aP, P2/UN"
_cCC
999 _c686651
_d686651